Opervm Qvartvs Tomvs Divi Ambrosii Episcopi Mediolanensis Opervm Continens Explanationes, hoc est ea quae faciunt ad interpretationem diuinarum scripturarum ueteris testamenti

Bibliographic Details
Main Author: Ambrosius Milánsky, svätý, asi 340-397 (Author)
Corporate Author: Frobeniana Officina (Bazilej, Švajčiarsko) (Printer)
Other Authors: Erazmus Rotterdamský, narodený asi 1466-1536 (Author of introduction, etc.), Froben, Hieronym, starší, 1501-1563 (Printer)
Format: Book
Language:Latin
PhysicalDescription:491 strán 34,5 cm
Subjects:

MARC

LEADER 00000nam a2200000I 4500
001 vtls010630284
003 SK-MaSNL
005 20260309113735.0
008 251112s1538 sz a f 001 0 lat
015 |a SNBHFA 
040 |a SNKHF  |b slo  |c SNKHF  |e rda 
041 0 |a lat 
044 |a sz  |c CH 
072 7 |a 2-23/-27  |x Biblia. Biblistika  |2 konspekt 
080 |a 2-254-273  |2 2011 
100 0 |a Ambrosius Milánsky,  |c svätý,  |d asi 340-397  |4 aut  |9 214853 
240 0 |a Omnia Qvotqvot Extant Divi Ambrosii Episcopi Mediolanensis 
245 1 0 |a Opervm  |b Qvartvs Tomvs Divi Ambrosii Episcopi Mediolanensis Opervm Continens Explanationes, hoc est ea quae faciunt ad interpretationem diuinarum scripturarum ueteris testamenti 
264 3 |a Basileae  |b [In Officina Frobeniana]  |c Anno MDXXXVIII (1538) 
300 |a 491 strán  |c 34,5 cm 
336 |a text  |b txt  |2 rdacontent 
337 |a bez média  |b n  |2 rdamedia 
338 |a zväzok  |b nc  |2 rdacarrier 
500 |a Signety tlačiara, iniciálky s ornamentálnym a figurálnym pozadím v rámčeku na 6, 7, 8, 9, 10, 11 riadkov, kustody 
501 |a Príväzok 1.: AMBROSIUS MILÁNSKY. Qvintvs Tomvs Divi Ambrosii Episcopi Mediolanensis Opervm ... Basileae : [In Officina Frobeniana], Anno MDXXXVIII (1538).  |5 SNK IB 72890/prív.1 
504 |a Tlačené marginálie, register 
508 |a Predslov: Erazmus Rotterdamský 
510 4 |a VD 16  |c A2181 
546 |a Latinský text  |b Antikva  |b Kurzíva 
550 |a Údaj o tlačiarovi prevzatý z kolofónu 
550 |a Názov súborného diela podľa VD 16 
561 |a Rukopisný provenienčný záznam na titulnom liste: Servit fri Joanni Coloswarino Abbati de Colosmonostra Emptus Viennae [...]. - Ex Libris Ecclie VagUihelien. - Georgio Branik a Magco Domino Emerico Berchenij Consiliario Camerae Hungar. et Praesidij Neogradien. Supremo Capitaneo, oblatus Posonij die 3 Maij 1639. - Donatus Anno 1665 a Rndissimo Dno Georgio Pongracz Elect. Eppi [...] Jacobo Hasko pro tunc Canonici Strigonien. [...] Praeposito Vag Ujhelien. et Elect. Eppi. [...] etc.  |5 SNK IB 72890 
562 |a Rukopisné marginálie a rukopisné poznámky.  |5 SNK IB 72890 
563 |a Väzba: polokožená, renesančná, bledá koža s ornamentálnou a figurálnou slepotlačou, drevené dosky, na prednej knižnej doske zachovaná pevná časť kovania.  |5 SNK IB 72890 
650 0 7 |a biblické komentáre  |2 SNKPH  |9 78282 
700 1 |a Colosvarinus, Joannes  |4 fmo  |9 751952 
700 1 |a Branik, Juraj  |4 fmo  |9 92037 
700 1 |a Berčeni, Imrich  |4 fmo  |9 751953 
700 1 |a Haško, Jakub,  |d 1622-1695  |4 fmo  |9 39436 
700 1 |a Pongrác, Juraj  |4 fmo  |9 751955 
700 0 |a Erazmus Rotterdamský,  |d narodený asi 1466-1536  |4 aui  |9 328022 
700 0 |a Froben, Hieronym,  |c starší,  |d 1501-1563  |4 prt  |9 180599 
710 2 |a Nové Mesto nad Váhom (Slovensko).  |b Farská knižnica  |4 fmo  |9 548430 
710 2 |a Frobeniana Officina (Bazilej, Švajčiarsko)  |4 prt  |9 346146 
752 |a Švajčiarsko  |d Bazilej 
852 |a snk  |b Historické fondy  |p IB 72890 
958 |a ONDV 
958 |a DA 
999 |c 1184685  |d 1186615 
952 |t Tlače 16. storočia  |a SNK  |b SNK  |c SNK_HF  |y PREZ  |7 0  |p 17A0810738  |o snkIB 72890  |i snk2014/22948  |8 3  |g 4000.00  |0 0  |1 0  |4 0  |d 2014-10-23  |l 0  |r 2026-02-24 21:51:59  |w 2026-02-24